Paper flowers
| Main Author: | |
|---|---|
| Format: | Book |
| Published: |
California :
Walter Foster Publishing,Inc. ,
1998
|
| Subjects: |
MARC
| LEADER | 00000cam a2200000 7i4500 | ||
|---|---|---|---|
| 001 | 0000046024 | ||
| 005 | 20010703.0 | ||
| 020 | |a 1560103876 | ||
| 090 | 0 | 0 | |a 745.54 |b LAF |
| 100 | 1 | |a LaFosse, Michael G. | |
| 245 | 1 | 0 | |a Paper flowers |c Michael G. LaFosse |
| 260 | |a California : |b Walter Foster Publishing,Inc. , |c 1998 | ||
| 300 | |a 44p. : |b ill. ; |c 28cm. | ||
| 650 | 0 | 0 | |a Handicraft |
| 650 | 0 | 0 | |a Papercraft |
| 999 | |a 00094826 |b BUKU |c PINJAMAN |e PERPUSTAKAAN KOMUNITI PETALING JAYA | ||
| 999 | |a 117184 |b BUKU |c PINJAMAN |e PERPUSTAKAAN KOMUNITI PETALING JAYA | ||